[Event "European Individual Chess Championship 2017"]
[Site "Minsk"]
[Date "2017.06.09"]
[Round "10.19"]
[White "Ter-Sahakyan, Samvel"]
[Black "Anton Guijarro, David"]
[Result "1-0"]
[BlackElo "2660"]
[WhiteElo "2598"]
[LiveChessVersion "1.4.8"]

1. e4 {[%clk 1:30:55]} e5 {[%clk 1:30:40]} 2. Nf3 {[%clk 1:31:11]} Nc6
{[%clk 1:31:03]} 3. Bb5 {[%clk 1:31:13]} a6 {[%clk 1:31:19]} 4. Ba4
{[%clk 1:31:37]} Nf6 {[%clk 1:31:35]} 5. O-O {[%clk 1:31:37]} Be7
{[%clk 1:31:42]} 6. Re1 {[%clk 1:31:48]} b5 {[%clk 1:31:50]} 7. Bb3
{[%clk 1:32:12]} d6 {[%clk 1:32:13]} 8. c3 {[%clk 1:32:26]} O-O {[%clk 1:32:27]}
9. h3 {[%clk 1:32:43]} Na5 {[%clk 1:32:15]} 10. Bc2 {[%clk 1:33:05]} c5
{[%clk 1:32:38]} 11. d4 {[%clk 1:33:10]} Nd7 {[%clk 1:33:00]} 12. a4
{[%clk 1:29:25]} b4 {[%clk 1:33:05]} 13. cxb4 {[%clk 1:28:58]} cxb4
{[%clk 1:33:28]} 14. Nbd2 {[%clk 1:28:44]} Bb7 {[%clk 1:32:59]} 15. Nf1
{[%clk 1:17:55]} exd4 {[%clk 1:31:44]} 16. Nxd4 {[%clk 1:15:41]} g6
{[%clk 1:32:06]} 17. Ne3 {[%clk 1:04:22]} Ne5 {[%clk 1:16:36]} 18. f4
{[%clk 0:47:03]} Nec4 {[%clk 1:14:52]} 19. Nxc4 {[%clk 0:41:56]} Nxc4
{[%clk 1:15:11]} 20. b3 {[%clk 0:42:24]} Na3 {[%clk 1:11:22]} 21. Bd3
{[%clk 0:41:44]} Re8 {[%clk 1:07:08]} 22. Nf3 {[%clk 0:34:28]} Bf6
{[%clk 1:01:58]} 23. Ra2 {[%clk 0:28:21]} Bc3 {[%clk 1:00:07]} 24. Rae2
{[%clk 0:25:44]} Bxe1 {[%clk 0:39:14]} 25. Qxe1 {[%clk 0:25:56]} Rc8
{[%clk 0:39:37]} 26. Bb2 {[%clk 0:24:06]} d5 {[%clk 0:38:28]} 27. e5
{[%clk 0:17:15]} d4 {[%clk 0:37:06]} 28. Nxd4 {[%clk 0:15:08]} a5
{[%clk 0:37:13]} 29. Kh2 {[%clk 0:09:38]} Qb6 {[%clk 0:31:37]} 30. f5
{[%clk 0:08:13]} Ba6 {[%clk 0:28:48]} 31. Bxa6 {[%clk 0:05:32]} Qxa6
{[%clk 0:29:17]} 32. f6 {[%clk 0:03:07]} h5 {[%clk 0:22:22]} 33. Qd2
{[%clk 0:02:34]} Kh7 {[%clk 0:21:32]} 34. Nf5 {[%clk 0:02:51]} 1-0

[Event "European Individual Chess Championship 2017"]
[Site "Minsk"]
[Date "2017.06.09"]
[Round "10.20"]
[White "Lopez Martinez, Josep Manuel"]
[Black "Riazantsev, Alexander"]
[Result "0-1"]
[BlackElo "2659"]
[WhiteElo "2597"]
[LiveChessVersion "1.4.8"]

1. e4 {[%clk 1:25:32]} c6 {[%clk 1:30:55]} 2. d4 {[%clk 1:25:38]} d5
{[%clk 1:31:19]} 3. e5 {[%clk 1:25:54]} Bf5 {[%clk 1:31:43]} 4. h4
{[%clk 1:25:57]} h5 {[%clk 1:32:03]} 5. Bd3 {[%clk 1:26:08]} Bxd3
{[%clk 1:32:27]} 6. Qxd3 {[%clk 1:26:31]} e6 {[%clk 1:32:08]} 7. Bg5
{[%clk 1:26:40]} Qb6 {[%clk 1:32:17]} 8. Nd2 {[%clk 1:26:46]} c5 {[%clk 1:32:39]}
9. c4 {[%clk 1:26:33]} Qxb2 {[%clk 1:32:18]} 10. Rb1 {[%clk 1:26:32]} Qxd4
{[%clk 1:32:42]} 11. Qe2 {[%clk 1:26:35]} Qg4 {[%clk 1:03:31]} 12. Ngf3
{[%clk 1:22:21]} b6 {[%clk 0:58:41]} 13. Qd3 {[%clk 1:22:15]} Ne7
{[%clk 0:38:58]} 14. O-O {[%clk 1:05:20]} Nd7 {[%clk 0:28:58]} 15. Rfe1
{[%clk 1:02:58]} Qf5 {[%clk 0:27:23]} 16. Qa3 {[%clk 1:02:10]} f6
{[%clk 0:26:08]} 17. exf6 {[%clk 1:00:57]} gxf6 {[%clk 0:26:32]} 18. Qa4
{[%clk 0:51:23]} Rd8 {[%clk 0:09:08]} 19. Rb3 {[%clk 0:38:28]} Bg7
{[%clk 0:07:26]} 20. cxd5 {[%clk 0:36:41]} Nxd5 {[%clk 0:07:43]} 21. Ne4
{[%clk 0:34:45]} O-O {[%clk 0:08:07]} 22. Ng3 {[%clk 0:34:23]} Qc2
{[%clk 0:07:14]} 23. Rc1 {[%clk 0:08:42]} Qg6 {[%clk 0:06:23]} 24. Bd2
{[%clk 0:09:03]} a5 {[%clk 0:05:02]} 25. Qc6 {[%clk 0:08:59]} Rfe8
{[%clk 0:04:20]} 26. Re1 {[%clk 0:09:09]} Nf8 {[%clk 0:04:03]} 27. Ne4 Re7 28.
Qb5 {[%clk 0:07:30]} Qe8 {[%clk 0:03:27]} 29. Qc4 {[%clk 0:07:49]} a4
{[%clk 0:03:06]} 30. Rd3 {[%clk 0:07:49]} Rc7 {[%clk 0:02:05]} 31. Ng3
{[%clk 0:05:55]} b5 {[%clk 0:02:07]} 32. Qe4 {[%clk 0:06:00]} Qf7
{[%clk 0:02:32]} 33. Ba5 {[%clk 0:06:17]} f5 {[%clk 0:02:17]} 34. Qe2 Nf4 35.
Rxd8 {[%clk 0:05:44]} Nxe2+ {[%clk 0:03:14]} 36. Rxe2 {[%clk 0:06:06]} Rd7
{[%clk 0:02:55]} 37. Rc8 {[%clk 0:06:09]} Rd1+ {[%clk 0:02:40]} 38. Kh2
{[%clk 0:06:32]} Qa7 {[%clk 0:02:42]} 39. Bd2 {[%clk 0:06:04]} b4
{[%clk 0:02:31]} 40. Rxe6 {[%clk 0:33:22]} Qd7 {[%clk 0:31:43]} 41. Ree8
{[%clk 0:33:08]} Rxd2 {[%clk 0:28:24]} 42. Nxd2 {[%clk 0:32:45]} Qxd2
{[%clk 0:28:49]} 43. Rxc5 {[%clk 0:30:57]} Qxa2 {[%clk 0:24:05]} 44. Rxf5
{[%clk 0:28:14]} b3 {[%clk 0:19:04]} 45. Nxh5 {[%clk 0:26:51]} b2
{[%clk 0:19:14]} 46. Re7 {[%clk 0:19:06]} Ne6 {[%clk 0:18:57]} 47. Re8+
{[%clk 0:17:53]} Kh7 {[%clk 0:18:43]} 0-1

[Event "European Individual Chess Championship 2017"]
[Site "?"]
[Date "2017.06.09"]
[Round "10.21"]
[White "Grachev, Boris"]
[Black "Can, Emre"]
[Result "1-0"]
[BlackElo "2589"]
[WhiteElo "2658"]
[LiveChessVersion "1.4.8"]

1. d4 {[%clk 1:30:31]} g6 {[%clk 1:29:37]} 2. e4 {[%clk 1:30:35]} Bg7
{[%clk 1:29:58]} 3. Nf3 {[%clk 1:30:50]} d6 {[%clk 1:30:10]} 4. c3
{[%clk 1:30:18]} Nf6 {[%clk 1:29:52]} 5. Bd3 {[%clk 1:30:41]} O-O
{[%clk 1:30:15]} 6. O-O {[%clk 1:31:05]} Nbd7 {[%clk 1:30:39]} 7. Re1
{[%clk 1:26:20]} e5 {[%clk 1:31:00]} 8. a4 {[%clk 1:17:28]} Re8 {[%clk 1:27:12]}
9. Bg5 {[%clk 1:06:48]} h6 {[%clk 1:22:18]} 10. Bh4 {[%clk 1:07:10]} g5
{[%clk 1:12:54]} 11. Bg3 {[%clk 1:07:24]} Nh5 {[%clk 1:11:11]} 12. Na3
{[%clk 1:03:11]} Nxg3 {[%clk 1:05:25]} 13. hxg3 {[%clk 1:03:21]} exd4
{[%clk 1:04:33]} 14. cxd4 {[%clk 0:56:24]} Nf8 {[%clk 1:04:19]} 15. Nc2
{[%clk 0:51:26]} a6 {[%clk 0:56:19]} 16. Ne3 {[%clk 0:44:35]} c5 {[%clk 0:52:58]}
17. Bc4 {[%clk 0:37:15]} Rxe4 {[%clk 0:32:27]} 18. dxc5 {[%clk 0:35:29]} Be6
{[%clk 0:32:05]} 19. Qc2 {[%clk 0:17:17]} d5 {[%clk 0:31:56]} 20. Rad1
{[%clk 0:13:25]} Qa5 {[%clk 0:20:04]} 21. Bxd5 {[%clk 0:11:43]} Rb4
{[%clk 0:19:43]} 22. b3 {[%clk 0:10:36]} Rc8 {[%clk 0:20:06]} 23. Bxe6
{[%clk 0:07:46]} Nxe6 {[%clk 0:20:29]} 24. Nd5 {[%clk 0:06:40]} Rxc5
{[%clk 0:19:48]} 25. Qd3 {[%clk 0:05:28]} Rxd5 {[%clk 0:16:21]} 26. Qxd5
{[%clk 0:05:54]} Qxd5 {[%clk 0:16:40]} 27. Rxd5 {[%clk 0:06:21]} Rxb3
{[%clk 0:17:03]} 28. Ne5 {[%clk 0:05:35]} Bf8 {[%clk 0:13:40]} 29. Rc1
{[%clk 0:04:14]} b5 {[%clk 0:13:20]} 30. axb5 {[%clk 0:03:43]} Rxb5
{[%clk 0:13:27]} 31. Rxb5 {[%clk 0:02:50]} axb5 {[%clk 0:13:55]} 32. Rc8
{[%clk 0:01:42]} Kg7 {[%clk 0:14:17]} 33. Rb8 {[%clk 0:01:56]} Nc7
{[%clk 0:14:14]} 34. Nc6 {[%clk 0:02:08]} Bd6 {[%clk 0:14:17]} 35. Nd4
{[%clk 0:02:07]} Bc5 {[%clk 0:13:11]} 36. Nxb5 {[%clk 0:02:14]} Ne6
{[%clk 0:13:31]} 37. Nc3 {[%clk 0:01:39]} h5 {[%clk 0:12:10]} 38. Ne4
{[%clk 0:02:03]} Bd4 {[%clk 0:12:30]} 39. Rb7 {[%clk 0:02:08]} Kg6
{[%clk 0:12:31]} 40. Kf1 {[%clk 0:31:32]} g4 {[%clk 0:40:38]} 41. Rb5
{[%clk 0:28:59]} f5 {[%clk 0:35:33]} 42. Nd6 {[%clk 0:28:53]} Bc5
{[%clk 0:35:07]} 43. Nc4 {[%clk 0:28:27]} Kf6 {[%clk 0:32:19]} 44. Ra5
{[%clk 0:28:44]} Bd4 {[%clk 0:31:48]} 45. Ra6 {[%clk 0:28:49]} Ke7
{[%clk 0:30:09]} 46. Ke2 {[%clk 0:25:55]} f4 {[%clk 0:27:17]} 47. gxf4
{[%clk 0:23:42]} Nxf4+ {[%clk 0:27:23]} 48. Kf1 {[%clk 0:24:10]} Ne6
{[%clk 0:23:27]} 49. Nd6 {[%clk 0:21:12]} Kf6 {[%clk 0:18:22]} 50. Ra5
{[%clk 0:20:19]} Nc5 {[%clk 0:17:20]} 51. Rxc5 {[%clk 0:20:02]} 1-0

[Event "European Individual Chess Championship 2017"]
[Site "?"]
[Date "2017.06.09"]
[Round "10.22"]
[White "Jojua, Davit"]
[Black "Kovalenko, Igor"]
[Result "0-1"]
[BlackElo "2657"]
[WhiteElo "2581"]
[LiveChessVersion "1.4.8"]

1. d4 {[%clk 1:28:20]} d5 {[%clk 1:30:21]} 2. c4 {[%clk 1:28:44]} e6
{[%clk 1:30:49]} 3. Nf3 {[%clk 1:28:52]} Nf6 {[%clk 1:31:16]} 4. g3
{[%clk 1:29:16]} Bb4+ {[%clk 1:31:43]} 5. Bd2 {[%clk 1:29:40]} Be7
{[%clk 1:32:11]} 6. Bg2 {[%clk 1:30:03]} Nbd7 {[%clk 1:32:37]} 7. Qc2
{[%clk 1:29:25]} c6 {[%clk 1:33:03]} 8. O-O {[%clk 1:29:15]} O-O {[%clk 1:33:28]}
9. Bf4 {[%clk 1:28:09]} h6 {[%clk 1:30:02]} 10. Rd1 {[%clk 1:27:00]} b6
{[%clk 1:11:09]} 11. Nc3 {[%clk 1:25:18]} Ba6 {[%clk 1:10:03]} 12. Ne5
{[%clk 1:19:51]} Rc8 {[%clk 1:09:02]} 13. Qa4 {[%clk 1:14:07]} Nb8
{[%clk 1:05:49]} 14. cxd5 {[%clk 0:58:40]} cxd5 {[%clk 1:04:09]} 15. Nxf7
{[%clk 0:47:46]} Rxf7 {[%clk 1:04:36]} 16. Bxb8 {[%clk 0:48:08]} Bxe2
{[%clk 1:05:02]} 17. Nxe2 {[%clk 0:45:57]} Rxb8 {[%clk 1:05:28]} 18. Nf4
{[%clk 0:33:11]} Bd6 {[%clk 1:04:24]} 19. Nd3 {[%clk 0:27:15]} Rc8
{[%clk 0:51:22]} 20. Rac1 {[%clk 0:18:44]} g5 {[%clk 0:50:08]} 21. Re1
{[%clk 0:16:50]} Rxc1 {[%clk 0:50:05]} 22. Nxc1 {[%clk 0:14:42]} Qc8
{[%clk 0:44:32]} 23. Qd1 {[%clk 0:14:20]} Ne8 {[%clk 0:38:51]} 24. Qd3
{[%clk 0:06:04]} Rf6 {[%clk 0:33:50]} 25. Ne2 {[%clk 0:02:38]} Ng7
{[%clk 0:33:56]} 26. Rc1 {[%clk 0:02:32]} Qd7 {[%clk 0:34:21]} 27. Nc3
{[%clk 0:02:10]} h5 {[%clk 0:30:02]} 28. Qb5 {[%clk 0:01:23]} Rf7
{[%clk 0:28:53]} 29. Bh3 {[%clk 0:00:42]} g4 {[%clk 0:26:52]} 30. Bg2
{[%clk 0:00:46]} Nf5 {[%clk 0:26:15]} 31. Qd3 {[%clk 0:01:12]} Kg7
{[%clk 0:25:53]} 32. Re1 {[%clk 0:01:26]} Rf6 {[%clk 0:25:32]} 33. h3
{[%clk 0:00:51]} Qf7 {[%clk 0:25:15]} 34. Nd1 {[%clk 0:00:37]} gxh3
{[%clk 0:07:27]} 35. Bxh3 {[%clk 0:01:06]} h4 {[%clk 0:07:53]} 36. Bxf5
{[%clk 0:00:51]} Rxf5 {[%clk 0:07:08]} 37. gxh4 {[%clk 0:01:03]} Qf6
{[%clk 0:03:51]} 38. Kf1 {[%clk 0:00:53]} Kf7 {[%clk 0:03:30]} 39. Re3
{[%clk 0:00:47]} Qxh4 {[%clk 0:02:35]} 40. Rf3 {[%clk 0:30:44]} Qh1+
{[%clk 0:32:41]} 41. Ke2 {[%clk 0:31:06]} Qh5 {[%clk 0:33:08]} 42. Nc3
{[%clk 0:26:55]} Be7 {[%clk 0:29:56]} 43. Nb1 {[%clk 0:24:05]} Bg5
{[%clk 0:26:31]} 44. Na3 {[%clk 0:19:51]} a6 {[%clk 0:26:17]} 45. Nc2
{[%clk 0:18:57]} Bd2 {[%clk 0:26:39]} 46. a4 {[%clk 0:18:34]} Qg4
{[%clk 0:26:21]} 47. b3 {[%clk 0:17:38]} Ke7 {[%clk 0:23:28]} 48. Na3
{[%clk 0:17:46]} Bb4 {[%clk 0:17:32]} 49. Nc2 {[%clk 0:16:21]} a5
{[%clk 0:17:03]} 50. Qe3 {[%clk 0:16:39]} Kd8 {[%clk 0:17:23]} 51. Qd3
{[%clk 0:16:23]} Rf4 {[%clk 0:17:37]} 0-1

[Event "European Individual Chess Championship 2017"]
[Site "?"]
[Date "2017.06.09"]
[Round "10.23"]
[White "Berkes, Ferenc"]
[Black "Mastrovasilis, Dimitrios"]
[Result "1/2-1/2"]
[BlackElo "2580"]
[WhiteElo "2654"]
[LiveChessVersion "1.4.8"]

1. d4 {[%clk 1:30:57]} d5 {[%clk 1:27:22]} 2. Nf3 {[%clk 1:31:06]} Nf6
{[%clk 1:27:29]} 3. c4 {[%clk 1:31:29]} e6 {[%clk 1:27:41]} 4. Nc3
{[%clk 1:31:53]} a6 {[%clk 1:27:26]} 5. cxd5 {[%clk 1:32:16]} exd5
{[%clk 1:27:44]} 6. Qb3 {[%clk 1:32:38]} c6 {[%clk 1:23:16]} 7. Bg5
{[%clk 1:32:58]} Be7 {[%clk 1:23:25]} 8. e3 {[%clk 1:33:21]} O-O {[%clk 1:23:13]}
9. Bd3 {[%clk 1:33:29]} Nbd7 {[%clk 1:22:25]} 10. O-O {[%clk 1:33:48]} h6
{[%clk 1:17:03]} 11. Bh4 {[%clk 1:31:10]} Ne4 {[%clk 1:16:50]} 12. Bxe7
{[%clk 1:27:32]} Qxe7 {[%clk 1:17:10]} 13. Bxe4 {[%clk 1:26:26]} dxe4
{[%clk 1:17:30]} 14. Nd2 {[%clk 1:26:53]} Nf6 {[%clk 1:17:09]} 15. Qa3
{[%clk 1:27:04]} Qe6 {[%clk 1:06:46]} 16. Qa5 {[%clk 0:59:16]} Re8
{[%clk 0:47:09]} 17. Rac1 {[%clk 0:57:53]} Qe7 {[%clk 0:42:33]} 18. a3
{[%clk 0:57:18]} Bg4 {[%clk 0:40:54]} 19. h3 {[%clk 0:57:07]} Be6
{[%clk 0:40:22]} 20. Qe5 {[%clk 0:50:31]} Qd7 {[%clk 0:33:14]} 21. Qg3
{[%clk 0:44:14]} Bd5 {[%clk 0:32:31]} 22. Ne2 {[%clk 0:44:07]} Rad8
{[%clk 0:31:14]} 23. Nf4 {[%clk 0:44:28]} Qf5 {[%clk 0:27:42]} 24. Rfe1
{[%clk 0:37:57]} Kh7 {[%clk 0:22:15]} 25. b4 {[%clk 0:37:19]} Rd7
{[%clk 0:19:50]} 26. a4 {[%clk 0:18:37]} Nh5 {[%clk 0:16:29]} 27. Nxh5
{[%clk 0:18:56]} Qxh5 {[%clk 0:16:56]} 28. Qg4 {[%clk 0:18:10]} Qxg4
{[%clk 0:16:36]} 29. hxg4 {[%clk 0:18:35]} Kg6 {[%clk 0:14:42]} 30. f3
{[%clk 0:18:51]} h5 {[%clk 0:12:39]} 31. gxh5+ {[%clk 0:19:15]} Kxh5
{[%clk 0:13:03]} 32. Kf2 {[%clk 0:19:28]} Kg6 {[%clk 0:10:57]} 33. Rh1
{[%clk 0:19:39]} f6 {[%clk 0:10:56]} 34. Rh4 {[%clk 0:18:19]} Rde7
{[%clk 0:09:57]} 35. f4 {[%clk 0:09:59]} a5 {[%clk 0:03:52]} 36. bxa5
{[%clk 0:10:20]} Ra8 {[%clk 0:04:15]} 37. Rc5 {[%clk 0:09:53]} b6
{[%clk 0:04:32]} 38. axb6 {[%clk 0:10:03]} Rxa4 {[%clk 0:04:54]} 39. Rh1
{[%clk 0:02:08]} Rb7 {[%clk 0:01:13]} 40. Rb1 {[%clk 0:32:23]} Ra2
{[%clk 0:30:49]} 41. Ke2 {[%clk 0:23:56]} Ra6 {[%clk 0:30:17]} 42. g4
{[%clk 0:15:58]} Rbxb6 {[%clk 0:29:01]} 43. Rxb6 {[%clk 0:16:18]} Rxb6
{[%clk 0:29:27]} 44. Ra5 {[%clk 0:16:28]} Rb2 {[%clk 0:14:57]} 45. Ra7
{[%clk 0:16:29]} Rc2 {[%clk 0:14:05]} 46. Re7 {[%clk 0:16:32]} Ra2
{[%clk 0:13:55]} 47. Ke1 {[%clk 0:14:55]} Ra1+ {[%clk 0:13:45]} 48. Kf2
{[%clk 0:15:17]} Ra2 {[%clk 0:14:08]} 49. Ke1 {[%clk 0:13:39]} Ra1+
{[%clk 0:14:28]} 1/2-1/2

[Event "European Individual Chess Championship 2017"]
[Site "?"]
[Date "2017.06.09"]
[Round "10.24"]
[White "Antipov, Mikhail Al."]
[Black "Jones, Gawain C B"]
[Result "0-1"]
[BlackElo "2654"]
[WhiteElo "2576"]
[LiveChessVersion "1.4.8"]

1. e4 e5 {[%clk 1:30:26]} 2. Nf3 {[%clk 1:24:21]} Nc6 {[%clk 1:30:31]} 3. Bb5
{[%clk 1:24:01]} a6 {[%clk 1:30:55]} 4. Ba4 {[%clk 1:24:27]} Nf6 {[%clk 1:31:20]}
5. O-O {[%clk 1:24:43]} b5 {[%clk 1:31:24]} 6. Bb3 {[%clk 1:25:06]} Bc5
{[%clk 1:31:48]} 7. d3 {[%clk 1:23:26]} d6 {[%clk 1:31:21]} 8. a4
{[%clk 1:23:11]} Rb8 {[%clk 1:30:57]} 9. Be3 {[%clk 1:12:55]} Bxe3
{[%clk 1:24:51]} 10. fxe3 {[%clk 1:13:23]} Na5 {[%clk 1:21:59]} 11. Ba2
{[%clk 1:11:15]} bxa4 {[%clk 1:21:21]} 12. Nc3 {[%clk 0:59:16]} Rxb2
{[%clk 1:18:53]} 13. Qe1 {[%clk 0:46:18]} c6 {[%clk 1:04:53]} 14. Nxa4
{[%clk 0:43:41]} Rb7 {[%clk 1:02:36]} 15. Qc3 {[%clk 0:37:12]} O-O
{[%clk 1:00:37]} 16. Qa3 {[%clk 0:26:34]} c5 {[%clk 0:49:51]} 17. Bd5
{[%clk 0:23:54]} Nxd5 {[%clk 0:48:09]} 18. exd5 {[%clk 0:24:23]} e4
{[%clk 0:46:34]} 19. dxe4 {[%clk 0:20:37]} Nc4 {[%clk 0:40:44]} 20. Qd3
{[%clk 0:13:07]} Rb4 {[%clk 0:40:30]} 21. Rfb1 {[%clk 0:10:50]} Qf6
{[%clk 0:30:02]} 22. c3 {[%clk 0:09:19]} Ne5 {[%clk 0:30:16]} 23. Nxe5
{[%clk 0:09:34]} Rxb1+ {[%clk 0:30:40]} 24. Rxb1 {[%clk 0:09:56]} Qxe5
{[%clk 0:31:05]} 25. Nb6 {[%clk 0:07:02]} Qe7 {[%clk 0:30:30]} 26. Nc4
{[%clk 0:06:24]} f5 {[%clk 0:26:59]} 27. e5 {[%clk 0:06:49]} dxe5
{[%clk 0:27:20]} 28. d6 {[%clk 0:07:14]} Qe6 {[%clk 0:27:16]} 29. Nb6
{[%clk 0:05:37]} e4 {[%clk 0:21:36]} 30. Qd1 {[%clk 0:02:02]} Bb7
{[%clk 0:19:31]} 31. Na4 {[%clk 0:02:15]} Bc6 {[%clk 0:14:44]} 32. Nxc5
{[%clk 0:02:34]} Qh6 {[%clk 0:15:09]} 33. Qd4 {[%clk 0:01:50]} Rd8
{[%clk 0:14:10]} 34. d7 {[%clk 0:01:46]} Qf6 {[%clk 0:09:41]} 35. Qc4+
{[%clk 0:01:40]} Qf7 {[%clk 0:09:46]} 36. Qxa6 {[%clk 0:01:50]} Qd5
{[%clk 0:08:29]} 37. Qb6 {[%clk 0:00:33]} Ra8 {[%clk 0:08:36]} 38. Qb8+
{[%clk 0:00:32]} Kf7 {[%clk 0:09:03]} 39. Qc7 {[%clk 0:00:45]} Kg6
{[%clk 0:08:55]} 40. Qg3+ {[%clk 0:30:33]} Kh5 {[%clk 0:34:40]} 41. Qxg7
{[%clk 0:24:01]} Qxc5 {[%clk 0:34:13]} 42. Qxh7+ {[%clk 0:22:13]} Kg5
{[%clk 0:34:40]} 43. Qg7+ {[%clk 0:16:50]} Kh5 {[%clk 0:34:56]} 44. Qh7+
{[%clk 0:17:15]} Kg5 {[%clk 0:35:18]} 45. h4+ {[%clk 0:17:03]} Kf6
{[%clk 0:32:20]} 46. Qh6+ {[%clk 0:17:18]} Ke5 {[%clk 0:30:23]} 47. Qf4+
{[%clk 0:06:07]} Ke6 {[%clk 0:28:36]} 48. Rd1 {[%clk 0:06:29]} Rd8
{[%clk 0:27:52]} 49. Qh6+ {[%clk 0:06:50]} Ke5 {[%clk 0:27:35]} 50. Qg7+
{[%clk 0:07:16]} Ke6 {[%clk 0:28:00]} 51. Qh6+ {[%clk 0:07:37]} Ke5
{[%clk 0:28:25]} 52. Rf1 {[%clk 0:02:49]} Bxd7 {[%clk 0:26:53]} 53. Rd1
{[%clk 0:03:18]} Qe7 {[%clk 0:25:17]} 54. g4 {[%clk 0:02:15]} Rg8
{[%clk 0:24:12]} 55. c4 {[%clk 0:01:39]} Rxg4+ {[%clk 0:23:50]} 56. Kf1
{[%clk 0:02:04]} Be6 {[%clk 0:23:53]} 57. Qh8+ {[%clk 0:00:32]} Qg7
{[%clk 0:23:25]} 58. Qb8+ {[%clk 0:00:42]} Kf6 {[%clk 0:23:49]} 59. Qd8+
{[%clk 0:00:34]} Kf7 {[%clk 0:23:12]} 0-1

[Event "European Individual Chess Championship 2017"]
[Site "?"]
[Date "2017.06.09"]
[Round "10.25"]
[White "Grigoriants, Sergey"]
[Black "Kravtsiv, Martyn"]
[Result "0-1"]
[BlackElo "2653"]
[WhiteElo "2576"]
[LiveChessVersion "1.4.8"]

1. e4 {[%clk 1:29:10]} e5 {[%clk 1:30:50]} 2. Nf3 {[%clk 1:29:26]} Nc6
{[%clk 1:31:13]} 3. Bb5 {[%clk 1:28:42]} a6 {[%clk 1:31:27]} 4. Ba4
{[%clk 1:29:01]} Nf6 {[%clk 1:31:40]} 5. O-O {[%clk 1:29:08]} Be7
{[%clk 1:31:46]} 6. d3 {[%clk 1:28:23]} b5 {[%clk 1:31:35]} 7. Bb3
{[%clk 1:28:45]} d6 {[%clk 1:31:55]} 8. a3 {[%clk 1:28:36]} O-O {[%clk 1:30:58]}
9. Nc3 {[%clk 1:28:41]} Bg4 {[%clk 1:30:00]} 10. Be3 {[%clk 1:27:37]} Nd4
{[%clk 1:29:22]} 11. Bxd4 {[%clk 1:27:18]} exd4 {[%clk 1:29:31]} 12. Nd5
{[%clk 1:26:38]} Nd7 {[%clk 1:28:29]} 13. h3 {[%clk 0:54:53]} Bxf3
{[%clk 1:28:25]} 14. Qxf3 {[%clk 0:53:50]} a5 {[%clk 1:28:17]} 15. Nf4
{[%clk 0:39:05]} a4 {[%clk 1:18:27]} 16. Ba2 {[%clk 0:39:03]} Rb8
{[%clk 1:18:13]} 17. Qh5 {[%clk 0:32:57]} c6 {[%clk 1:11:16]} 18. Ne2
{[%clk 0:31:50]} Bf6 {[%clk 1:08:23]} 19. f4 {[%clk 0:26:41]} b4 {[%clk 1:06:26]}
20. axb4 {[%clk 0:25:45]} Rxb4 {[%clk 1:04:53]} 21. Rab1 {[%clk 0:24:58]} g6
{[%clk 0:46:18]} 22. Qf3 {[%clk 0:22:10]} Qe7 {[%clk 0:42:16]} 23. e5
{[%clk 0:12:03]} dxe5 {[%clk 0:41:47]} 24. Qxc6 {[%clk 0:12:29]} Kg7
{[%clk 0:36:26]} 25. fxe5 {[%clk 0:07:00]} Bxe5 {[%clk 0:32:29]} 26. Kh1
{[%clk 0:03:02]} Nf6 {[%clk 0:28:32]} 27. c3 {[%clk 0:00:33]} dxc3
{[%clk 0:25:25]} 28. bxc3 {[%clk 0:01:02]} Rxb1 {[%clk 0:25:17]} 29. Rxb1
{[%clk 0:00:44]} Bb8 {[%clk 0:25:37]} 30. Qf3 {[%clk 0:00:44]} Nh5
{[%clk 0:17:23]} 31. g4 {[%clk 0:00:38]} Qxe2 {[%clk 0:16:57]} 0-1

[Event "European Individual Chess Championship 2017"]
[Site "?"]
[Date "2017.06.09"]
[Round "10.26"]
[White "Abasov, Nijat"]
[Black "Sargissian, Gabriel"]
[Result "1/2-1/2"]
[BlackElo "2650"]
[WhiteElo "2575"]
[LiveChessVersion "1.4.8"]

1. d4 {[%clk 1:28:59]} Nf6 {[%clk 1:27:05]} 2. c4 {[%clk 1:29:14]} e6
{[%clk 1:26:57]} 3. Nf3 {[%clk 1:29:36]} d5 {[%clk 1:27:19]} 4. Nc3
{[%clk 1:29:57]} a6 {[%clk 1:25:26]} 5. cxd5 {[%clk 1:28:27]} exd5
{[%clk 1:25:22]} 6. Bg5 {[%clk 1:27:38]} c6 {[%clk 1:24:46]} 7. e3
{[%clk 1:26:34]} Nbd7 {[%clk 1:19:21]} 8. Bd3 {[%clk 1:26:08]} h6
{[%clk 1:19:28]} 9. Bh4 {[%clk 1:24:43]} g5 {[%clk 1:19:36]} 10. Bg3
{[%clk 1:25:05]} Nh5 {[%clk 1:19:44]} 11. Be5 {[%clk 1:20:54]} Ng7
{[%clk 1:19:30]} 12. Bg3 {[%clk 1:13:54]} Nh5 {[%clk 1:19:24]} 13. Be5
{[%clk 1:13:06]} Ng7 {[%clk 1:17:23]} 14. Bg3 {[%clk 1:05:47]} Nh5
{[%clk 1:17:41]} 1/2-1/2

[Event "European Individual Chess Championship 2017"]
[Site "?"]
[Date "2017.06.09"]
[Round "10.27"]
[White "Zhigalko, Sergei"]
[Black "Zhigalko, Andrey"]
[Result "1-0"]
[BlackElo "2566"]
[WhiteElo "2643"]
[LiveChessVersion "1.4.8"]

1. d4 {[%clk 1:30:57]} Nf6 {[%clk 1:30:31]} 2. Nf3 {[%clk 1:31:22]} g6
{[%clk 1:30:31]} 3. Bf4 {[%clk 1:31:14]} Bg7 {[%clk 1:30:37]} 4. e3
{[%clk 1:31:29]} d6 {[%clk 1:29:06]} 5. h3 {[%clk 1:28:29]} O-O {[%clk 1:29:26]}
6. Be2 {[%clk 1:28:39]} Nc6 {[%clk 1:29:40]} 7. O-O {[%clk 1:23:03]} e5
{[%clk 1:29:53]} 8. Bh2 {[%clk 1:20:22]} Ne4 {[%clk 1:19:23]} 9. Nbd2
{[%clk 1:17:07]} Nxd2 {[%clk 1:17:29]} 10. Qxd2 {[%clk 1:17:29]} Qe7
{[%clk 1:07:42]} 11. c3 {[%clk 1:05:14]} f5 {[%clk 1:01:17]} 12. Ne1
{[%clk 0:46:01]} Qf7 {[%clk 0:47:43]} 13. Nd3 {[%clk 0:44:12]} Be6
{[%clk 0:41:16]} 14. b4 {[%clk 0:44:07]} Rad8 {[%clk 0:31:02]} 15. Qc2
{[%clk 0:41:13]} Bc4 {[%clk 0:26:52]} 16. b5 {[%clk 0:38:40]} Na5
{[%clk 0:25:52]} 17. dxe5 {[%clk 0:37:55]} Bxd3 {[%clk 0:26:02]} 18. Bxd3
{[%clk 0:37:02]} dxe5 {[%clk 0:24:35]} 19. Rad1 {[%clk 0:36:11]} b6
{[%clk 0:17:16]} 20. Rd2 {[%clk 0:19:56]} Rd6 {[%clk 0:11:01]} 21. Rfd1
{[%clk 0:18:52]} Rfd8 {[%clk 0:11:19]} 22. Be2 {[%clk 0:18:50]} Qe6
{[%clk 0:07:55]} 23. g4 {[%clk 0:18:34]} Rxd2 {[%clk 0:06:27]} 24. Rxd2
{[%clk 0:19:00]} Rxd2 {[%clk 0:06:52]} 25. Qxd2 {[%clk 0:19:28]} Nb7
{[%clk 0:06:48]} 26. Bf3 {[%clk 0:19:16]} e4 {[%clk 0:06:50]} 27. Bd1
{[%clk 0:19:45]} Nc5 {[%clk 0:06:02]} 28. Bxc7 {[%clk 0:19:55]} Be5
{[%clk 0:05:34]} 29. gxf5 {[%clk 0:17:31]} gxf5 {[%clk 0:06:01]} 30. Qd8+
{[%clk 0:17:50]} Kg7 {[%clk 0:06:05]} 31. Qg5+ {[%clk 0:16:24]} Kh8
{[%clk 0:04:53]} 32. Bxe5+ {[%clk 0:11:16]} Qxe5 {[%clk 0:05:22]} 33. Bg4
{[%clk 0:11:25]} Qxc3 {[%clk 0:04:59]} 34. Bxf5 {[%clk 0:02:59]} Qg7
{[%clk 0:03:16]} 35. Qxg7+ {[%clk 0:01:33]} Kxg7 {[%clk 0:03:45]} 36. Kg2
{[%clk 0:01:15]} h6 {[%clk 0:04:13]} 37. Kg3 {[%clk 0:00:55]} Kf6
{[%clk 0:04:41]} 38. Kf4 {[%clk 0:00:34]} Nd3+ {[%clk 0:05:05]} 39. Kxe4
{[%clk 0:00:53]} Nxf2+ {[%clk 0:05:31]} 40. Kf4 {[%clk 0:30:39]} Nd1
{[%clk 0:35:19]} 41. Bd3 {[%clk 0:28:14]} Nc3 {[%clk 0:31:57]} 42. Bc4
{[%clk 0:25:41]} Na4 {[%clk 0:30:55]} 43. e4 {[%clk 0:25:41]} Nc5
{[%clk 0:31:12]} 44. e5+ {[%clk 0:26:04]} Kg6 {[%clk 0:31:32]} 45. Kg4
{[%clk 0:25:46]} Nd7 {[%clk 0:30:27]} 46. Bd3+ {[%clk 0:25:54]} Kg7
{[%clk 0:30:38]} 47. Kf5 {[%clk 0:26:16]} Nc5 {[%clk 0:30:23]} 48. Bc4
{[%clk 0:26:24]} Kf8 {[%clk 0:30:12]} 49. Kf6 {[%clk 0:22:18]} Ne4+
{[%clk 0:28:30]} 50. Ke6 {[%clk 0:22:12]} Ke8 {[%clk 0:25:21]} 51. Bd5
{[%clk 0:22:16]} 1-0